[Event "RUS Cup final 5th"]
[Site "Kazan"]
[Date "2001.10.08"]
[Round "7"]
[White "Yevseev, Denis"]
[Black "Galliamova, Alisa"]
[Result "1-0"]
[WhiteElo "2530"]
[BlackElo "2547"]
[Annotator "Ribli,Z"]
[PlyCount "99"]
[EventDate "2001.10.02"]
[EventType "tourn"]
[EventRounds "11"]
[EventCountry "RUS"]
[EventCategory "12"]
[SourceTitle "CBM 086"]
[Source "ChessBase"]
[SourceDate "2002.02.05"]
[SourceVersion "1"]
[SourceVersionDate "2002.02.05"]
[SourceQuality "1"]

1. d4 Nf6 2. c4 e6 3. g3 d5 4. Bg2 dxc4 5. Nf3 Nc6 {Diese Fortsetzung ist sehr
populär in letzter Zeit - Schwarz möchte (im Falle von 6.0-0) mit 6...Rb8 und
7...b5 den c4-Bauern verteidigen.} 6. Qa4 Nd7 {Während die Alternative 6...
Bb4+ zu kompliziertem Spiel führt gibt der Textzug Schwarz eine einfache
Stellung.} (6... Bb4+ 7. Bd2 Nd5 (7... Bd6) 8. Bxb4 Ndxb4 9. O-O Rb8 10. Nc3 a6
11. Ne5 O-O 12. Nxc6 Nxc6 13. Bxc6 bxc6 14. Qxc6 Rxb2 15. Rab1) 7. Qxc4 Nb6 8.
Qd3 e5 9. Nxe5 (9. Be3) 9... Nb4 10. Qc3 (10. Qb3) (10. Qd1) 10... Qxd4 11. O-O
Qxc3 12. Nxc3 Bd6 (12... f6 13. Nf3 c6 14. Bd2 Bg4 $13) 13. Nf3 c6 (13... Bd7
14. a3 N4d5 15. Nxd5 Nxd5 16. Nd4 c6 17. Rd1 Rd8 18. Bxd5 cxd5 19. Bf4 Bxf4 20.
gxf4 Ke7 21. Rd3 $14) 14. Rd1 {Die Bauernstellung ist asymetrisch - Schwarz
hat die Mehrheit am Damenflügel, aber seine Bauern müssen auf a7-b7-c6 stehen
bleiben, ansonsten bekommt Weiß dank des g2-Läufers Aktivität. Andererseits
sind die weißen Bauern am Königsflügel auch nicht sehr wirksam, so sehen wir
im folgenden vor allem Figurenspiel.} Be7 15. a3 N4d5 16. Nxd5 Nxd5 17. Nd4 O-O
18. Bxd5 $5 {Dieser Tausch bietet Weiß vielleicht einen mikroskopischen
Vorteil. Aber ich glaube, mit guter Verteidigung kann Schwarz die Stellung
halten.} (18. e4 Nb6 19. b3 {1/2-1/2 Khalifman,A-Adams,M/Hamburg GER 2001/(19)}
) (18. Bd2 $6 Rd8 19. Ba5 Nb6 20. Rd3 Bf6 21. Rad1 Bg4 {1/2-1/2 Beliavsky,
A-Adams,M/Madrid 1998/CBM 65/[Ribli] (44)}) 18... cxd5 {[%csl Rd5] Schwarz hat
einen isolierten Bauern auf d5, aber er hat das Läuferpaar. Es wäre gut für
Weiß den dunkelfarbigen Läufer zu tauschen, da in solchen Stellungen der
weißfarbige Läufer der passive ist, der sogenannte "schlechte" Läufer.} 19. Be3
(19. Nb5 Be6 (19... Bg4 20. f3 Bc5+ 21. Kg2 Be6 22. Bf4 h6 23. Rac1 Bb6 24. Bc7
Bd7 25. Nd4 Bxd4 26. Rxd4 Rfe8 27. e4 {1-0 Relange,E-Chabanon,J/Marsailles FRA
2001/(61)}) 20. Be3 a6 21. Nc3 Rfd8 22. Rd3 Rac8 23. Rad1 Bf6 24. Bd4 Be7 {
1/2-1/2 Fominyh,A-Gavrilov,A/St Petersburg RUS 2001/(56)}) 19... Bd7 (19... Be6
$11) 20. Nf3 Bb5 {Schwarz spielt auf konkretes Gegenspiel gegen den e2-Bauern,
aber der Läufer auf b5 steht - nach meiner Meinung - in der Luft.} (20... Be6
$11) (20... Bc6 $11) 21. Kf1 (21. Rxd5 Bxe2 $11) (21. Rd2 $5) 21... Bf6 $6 {
Dieser scheinbar aktive Zug hilft nur Weiß.} (21... Bc6) 22. Bd4 $14 {[%mdl 32]
} (22. Rxd5 Bxb2 (22... Bc6 23. Rd2 $14) 23. Rb1 Bc6 24. Ra5 Bf6 25. Rxa7 Rxa7
26. Bxa7 Be7 $11) 22... Rfe8 (22... Bxd4 23. Nxd4 $14 {[%csl Gd4]}) 23. Rd2 Bd8
{Schwarz muss mit dem Läufer weg gehen, da der Tausch der dunkelfarbigen
Läufer strategisch für Weiß vorteilhaft wäre.} 24. Rc1 Ba5 (24... Bc6 25. Ne5
$14) {[#]} 25. Rc5 $5 {Mit diesem Zug opfert Weiß die Qualität für den Bauern.}
(25. b4 Bd8 {[%cal Ga7a5]}) (25. Rdc2) 25... Bxd2 (25... a6 26. b4 Bd8 27. Rxd5
$16) 26. Rxb5 {[%mdl 1024] Jetzt hängt der d2B und außerdem die Bauern auf b7
und d5.} Bc1 $6 {Schwarz ist optimistisch, aber der Läufer steht in
Wirklichkeit schlecht auf c1.} (26... Bh6 27. Rxb7 $44 {[%csl Gd4,Rh6] Der
weiße d4B steht ausgezeichnet, weil der h6B ist passiv.}) 27. e3 $1 {[%csl Rc1]
Nach diesem Zug ist der c1B eingeschlossen. Es droht nocht nichts, aber nach
ein paar Zügen kommt der weiße König nach d1 und Schwarz kann den Läufer nicht
halten.} a6 28. Rb6 (28. Rxb7 $2 Rab8 29. Rxb8 Rxb8 $17) 28... Rac8 29. Ke1 {
[%cal Ge1d1]} Re7 $6 (29... Rc2 30. Rxb7 $44 (30. Kd1 $2 Rxf2 $19) 30... h6)
30. Kd1 {Nach diesem Zug Schwarz kann nicht Rc2 spielen - der c1B befindet
sich in großer Not.} Rec7 31. Ne1 {Ein Verteidigungszug, gerichtet gegen 31...
Rc2.  32.Nd3 droht nocht nicht mit Figurengewinn, da Schwarz zwei Türme auf
der c-Linie hat, aber Weiß kann (wie in der Partie) den Plan Rb3 und Bc3
ausführen, wonach Schwarz den c1-Läufer geben muss.} (31. Rb3 Rc2 $19) 31... f6
32. Rb3 {[%cal Gd4c3]} b5 33. Bc3 $16 {[%csl Rc1]} Re8 (33... Rxc3 34. bxc3 $18
) 34. Nc2 {Jetzt hat Schwarz keine andere Möglichkeit, er muss den Läufer
geben.} (34. Kxc1 $2 d4 35. exd4 Rxe1+ $17) 34... Bxe3 35. fxe3 {Weiss hat
zwei Leichtfiguren gegen Turm und Bauern, aber die schwarzen Türme sind nicht
aktiv, weil Weiß z.B. den festen Punkt d4 für seine Leichtfiguren hat.} Rc4 36.
Kd2 h5 37. Nb4 a5 (37... h4 38. Nxa6 hxg3 39. hxg3 Re6 40. Nb4 Rg4 41. Nxd5 $18
) 38. Nd3 h4 (38... Rb8 39. Bxa5 $18) 39. Rxb5 {Nach diesem Zug muss Schwarz
noch einen Bauern geben.} hxg3 40. hxg3 Rg4 41. Rxa5 $18 Rxg3 42. Bd4 {[%csl
Ga3,Gb2,Gd4] Mit zwei verbundenen Bauern am Damenflügel steht Weiß auf Gewinn.
Die schwarzen Bauern am Königsflügel sind kaum gefährlich.} Rg2+ 43. Kc3 Rc8+
44. Kb3 (44. Rc5 $18) 44... g5 (44... Rd8 45. Nf4 $18) 45. Bxf6 Kf7 (45... g4
46. Rxd5 $18) 46. Bd4 Rd2 47. Ne5+ Ke6 48. Nf3 Rd3+ 49. Ka2 Rg8 50. Ra6+ (50.
Ra6+ Kf5 (50... Kf7 51. Ne5+ $18) (50... Kd7 51. Ne5+ $18) (50... Ke7 51. Ne5
Rd1 52. Bc5+ $18) 51. Rf6+ Kg4 (51... Ke4 52. Nxg5+ Rxg5 53. Rf4#) 52. Ne5+ $18
{[%cal Re5d3,Re5g4]}) 1-0

[Event "FIDE-Wch k.o."]
[Site "Tripoli"]
[Date "2004.07.01"]
[Round "6.1"]
[White "Radjabov, Teimour"]
[Black "Adams, Michael"]
[Result "0-1"]
[WhiteElo "2670"]
[BlackElo "2731"]
[Annotator "Ribli,Z"]
[PlyCount "94"]
[EventDate "2004.06.19"]
[EventType "k.o."]
[EventRounds "7"]
[EventCountry "LBY"]
[SourceTitle "CBM 102"]
[Source "ChessBase"]
[SourceDate "2004.09.23"]
[SourceVersion "1"]
[SourceVersionDate "2004.09.23"]
[SourceQuality "1"]

1. d4 {Ftacnik} Nf6 2. c4 e6 3. g3 d5 4. Nf3 dxc4 5. Bg2 a6 6. O-O Nc6 7. e3
Bd7 8. Nc3 Nd5 {Dieser Springerzug ist sehr populär in der letzten Zeit - die
Hauptidee des Zuges ist, dass Schwarz den c3-Springer tauschen kann, aber in
dieser Partie spielte Schwarz eine neue Idee.} 9. Nd2 Nb6 {[%mdl 4] Dieser Zug
ist nicht so riskant, denn er gibt Weiß freie Hand im Zentrum, aber Schwarz
kann seinen Plusbauern halten und es bleiben keine Schwächen in seiner
Stellung.} (9... Nxc3 10. bxc3 b5 11. Qg4 (11. a4 Be7 (11... Rb8 12. axb5 (12.
e4 e5 $5 13. axb5 axb5 14. d5 Ne7 15. Ba3 Ng6 16. Bxf8 Nxf8 17. f4 $44 {
1-0 Wells,P-Barsov,A/York 2000/CBM 81/[Wells] (31)}) 12... axb5 13. Qg4 g6 14.
Qe2 Bd6 15. Ne4 O-O 16. Ba3 Qe7 17. Qf3 $44 {1/2-1/2 Berkes,F-Aronian,L/Goa
2002/CBM 91 ext (53)}) 12. Ba3 Bxa3 (12... Rb8 13. axb5 axb5 14. Ne4 $44 {
[%csl Yc5][%cal Ge4c5]} O-O 15. Qe2 $6 (15. Nc5 $44) 15... Bxa3 16. Rxa3 e5 $15
{1/2-1/2 Berkes,F-Leko,P/Budapest 2003/CBM 95/[Ribli] (41)}) 13. Rxa3 O-O 14.
Ne4 Ne7 15. axb5 Bxb5 16. Nc5 Ra7 17. Qa1 c6 18. Qa2 Nd5 19. Ra1 Qe7 20. Bf1
Nb6 21. Nxa6 Rfa8 22. Qb2 g6 23. Nc5 e5 {1/2-1/2 Filippov,V-Sakaev,K/Moscow
RUS 2004/(55)}) 11... h5 12. Qf3 h4 13. a4 Bd6 14. Ne4 Rb8 15. axb5 axb5 16.
Ra6 Be7 17. Ba3 Bxa3 18. Rxa3 Ne7 19. Qg4 Kf8 20. Nc5 Bc8 21. Rfa1 $44 {
1-0 Veingold,A-Glavina Rossi,P/Zaragoza 2004/CBM 99 ext (31)}) 10. Qe2 Na5 11.
e4 $44 {[%csl Gd4,Ge4] Weiß hat eine starkes Bauernzentrum, aber es ist schwer
zu sagen, ob das genügend Kompensation ist, oder nicht.} Bb4 $1 {Dieser Zug
ist entweder gegen b2-b3 gerichtet oder er ist nur ein aktiver Zug, der die
weiße Entwicklung stört.} (11... Be7 12. b3 cxb3 13. axb3 Nc6 14. Nf3 $44) 12.
Qg4 {Ftacnik: 'Radjabov had a difficult choice after Adam's decision to hold
the c4 pawn. It seems logical to attack the kingside when all the black pieces
are elsewhere, but the defender manages to exchange the queens.'} (12. a3 Be7)
12... Qf6 13. Nf3 h5 $1 {[%csl Rg4] Nach diesem Zug muss Weiß die Damen
tauschen, wonach es fraglich ist, ob er Kompensation hat.} 14. Qf4 Qxf4 15.
Bxf4 O-O-O $15 {Es ist nicht so typisch, dass Schwarz in der katalanische
Verteidigung lang rochiert, aber hier ist es die beste Möglichkeit . Schwarz
hat einen Bauern mehr, was technisch nicht so einfach zu verwerten ist, aber
es ist sicher, dass Weiß keinen ausreichenden Ersatz hat.} 16. Rac1 f6 {
[%cal Gg7g5] Schwarz möchte seine Bauern am Königsflügel mit g7-g5
mobilisieren.} 17. h4 Kb8 18. Rc2 Rhe8 19. Re1 Nc6 {Schwarz verbessert seine
Springerstellung.} 20. Rd2 Na7 {[%cal Ga7b5][%mdl 32] '!' Ftacnik. Ftacnik:
'In the next phase of the game Adams plays brilliantly with his knights, white
has no compensation for the sacrificed pawn.'} 21. Rde2 (21. a3 $2 Bxc3 22.
bxc3 Nb5 23. Rb2 Kc8 $17 {[%cal Rb5a3,Rb5c3]} (23... Nxc3 $2 24. Rxb6 $16))
21... Nb5 22. Bd2 Bxc3 23. bxc3 (23. Bxc3 Nxc3 24. bxc3 Na4 $17) 23... Na4 24.
Re3 c5 $1 {Endlich kann Schwarz seine Bauern am Damenflügel mobilisieren.} 25.
e5 Bc8 (25... Bc6 $5 26. exf6 gxf6 27. Rxe6 Rxe6 28. Rxe6 Naxc3 $17) 26. dxc5
Nxc5 {[%cal Gc5d3]} 27. Bf1 Na3 {[%cal Ra3c2,Rc2e3,Rc2e1]} (27... Nd3 $17) 28.
Nd4 Nc2 $1 29. Nxc2 Rxd2 $17 30. Nd4 b5 {Schwarz hat einen gesunden Bauern
mehr, aber der d4-Springer gibt Weiß Rettungschancen.} 31. R3e2 Rxe2 32. Bxe2
Rh8 {Schwarz riskiert nichts - er verteidigt mit dem Turm den h5-Bauern.} (
32... fxe5 $5 33. Bxh5 (33. Nc6+ Kc7 34. Nxe5 Rd8 35. Bxh5 Rd2 $17) 33... exd4
34. Bxe8 dxc3 $17) 33. exf6 (33. f4 Bb7 $17) 33... gxf6 34. f4 Na4 35. Rc1 Kc7
36. Kf2 Nc5 (36... e5 $17) 37. Ke3 Bb7 (37... e5 38. fxe5 fxe5 39. Nf3 Bg4 $17)
38. Rg1 Bd5 39. g4 {Mit diesem Zug schwächt Weiß seine Königsstellung, aber
guter Rat ist schon teuer.} hxg4 40. Rxg4 Kd6 41. f5 {'?!' Ftacnik.} (41. Bf3
Bxf3 42. Nxf3 Kd5 $19) 41... e5 42. Nc2 Be4 $1 {[%cal Re4c2,Re4f5] Ftacnik:
'The English super grandmaster plays the technical part very convincingly.'
Diese schöne Vereinfachungsmöglichkeit ist die beste Chance für Schwarz.} (
42... Bf7 $17 {[%cal Gf7h5]}) 43. Rxe4 Nxe4 44. Kxe4 Rxh4+ 45. Ke3 Rf4 {
[%csl Rf5]} 46. Nd4 b4 $19 47. Ne6 bxc3 (47... bxc3 48. Nxf4 exf4+ $19) 0-1

[Event "Sarajevo Bosnia 31st"]
[Site "Sarajevo"]
[Date "2001.05.17"]
[Round "5"]
[White "Kozul, Zdenko"]
[Black "Kurajica, Bojan"]
[Result "1-0"]
[WhiteElo "2595"]
[BlackElo "2567"]
[Annotator "Ribli,Z"]
[PlyCount "129"]
[EventDate "2001.05.13"]
[EventType "tourn"]
[EventRounds "9"]
[EventCountry "BIH"]
[EventCategory "16"]
[SourceTitle "CBM 084"]
[Source "ChessBase"]
[SourceDate "2001.09.13"]
[SourceVersion "1"]
[SourceVersionDate "2001.09.13"]
[SourceQuality "1"]

1. d4 Nf6 2. c4 e6 3. g3 d5 4. Bg2 dxc4 5. Nf3 c5 6. O-O Nc6 7. Qa4 {Diese
alte Fortsetzung wird heutzutage selten gespielt. Die populärere Alternative
ist 7.Ne5, und nach 7...Bd7 8.Na3.} Bd7 8. Qxc4 b5 (8... cxd4 9. Nxd4 Rc8 10.
Nc3) 9. Qd3 {9.Qxb5? wäre hier schlecht wegen 9..Nxd4 und 10...Bb5.} Qb6 {
Dieser Zug ist nicht schlecht, aber 9...Rc8 scheint mir natürlicher.} (9... Rc8
10. Nc3 (10. dxc5 $5) 10... cxd4 11. Nxd4 Ne5 $5 12. Qd1 b4 13. Ne4 Nd5 {
0-1 Kortschnoj,V-Ivanchuk,V/Istanbul 2000/EXT 2001/[Ivanchuk] (46)}) (9... c4)
10. Nc3 (10. dxc5 Bxc5 11. Nc3 Nb4 12. Qb1 Bc6 13. a3 Nbd5 14. Ne5 (14. Nxd5
Bxd5 15. b4 Be7 16. Be3 Qb7 17. Qb2 O-O 18. Rfc1 a6 {0-1 Veingold,A-Campora,D/
Sevilla 1993/TD (54)}) 14... Nxc3 15. Bxc6+ Qxc6 16. bxc3 Qb6 17. c4 Bd4 18.
Bb2 Bxe5 19. Bxe5 bxc4 {1/2-1/2 Mishra,N-Murshed,N/Calcutta 1988/EXT 97 (27)})
(10. Bg5 Be7 11. dxc5 Qxc5 12. Nbd2 Nb4 13. Qb3 O-O 14. Rac1 Qb6 15. Ne5 Rad8
16. Ne4 {1/2-1/2 Agdestein,S-Bjerke,R/Gausdal 1982/MCL (45)}) 10... Nb4 (10...
c4 11. Qd1 Rc8 12. Bg5 b4 13. d5 bxc3 14. dxc6 Bxc6 15. bxc3 Qa5 16. Bxf6 gxf6
17. Nd4 Bxg2 18. Kxg2 Bc5 {1/2-1/2 Laird,C-Dobosz,H/Manchester 1980/EXT 99 (40)
}) (10... cxd4 $5 11. Nxd4 (11. Nxb5 $4 Nb4 $19) 11... Ne5) 11. Qb1 {Die Dame
steht ein wenig sonderbar auf b1, aber im Falle von 11.Qd1 Rd8 wäre die
Opposition des Rd8 mit der Qd1 unangenehm für Weiß.} (11. Qd1 Rd8 12. a3 Nc6
13. dxc5 Bxc5 14. b4 Be7 15. Be3 Qb8 16. Nd4 Nxd4 17. Qxd4 a6 18. Bf4 Qc8 19.
Rac1 Bc6 {1/2-1/2 Schnegelsberg,K-Mueller,J/Baunatal 1999/EXT 2000 (66)}) 11...
cxd4 12. Nxd4 Rc8 (12... Rd8 $5) 13. Nb3 {[%cal Gc1e3,Ge3a7] Weiß bereitet 14.
Be3 vor und möchte den Nb4 mit a3 verjagen.} (13. a3 Qxd4 14. Rd1 Qb6 15. Be3
Bc5 16. Bxc5 Qxc5 17. axb4 Qxb4 18. Rxa7 O-O 19. Ne4 Bc6 20. Nxf6+ gxf6 21.
Bxc6 Rxc6 {1/2-1/2 Gulko,B-Mikenas,V/Vilnius 1978/MCD (41)}) 13... Be7 (13...
Bc6 14. e4 $5 $14 (14. Be3 Qb8 15. Bxc6+ Nxc6 $11)) 14. Be3 Qb8 15. a3 Nbd5 (
15... Nc6 16. Nc5 $14) 16. Nxd5 Nxd5 17. Bxd5 $1 {[%mdl 32] Es ist durchaus
untypisch, dass Weiß von sich aus seinen katalanischen Läufer abtauscht, aber
hier ist das die einzige Möglichkeit, um noch um Vorteil kämpfen zu können.} (
17. Bd4 O-O 18. e4 Nb6 $11) 17... exd5 18. Rc1 $14 {[%csl Yc5] Das Feld c5 ist
ein positionelles Loch in der schwarzen Stellung - Weiß möchte anschließend
Nc5 oder Bc5 ziehen.} Rc4 (18... O-O 19. Bc5 $14 (19. Qd3 $14)) 19. Qd3 (19.
Na5 Rxc1+ 20. Qxc1 O-O (20... Bf6 $11) 21. Nc6 Bxc6 22. Qxc6 Qe5 $11) 19... Qc7
{Schwarz lässt seinen Gegner nicht 20.Na5 spielen und kümmert sich nicht um
die Verteidigung des Pd5.} (19... Be6 20. Na5 $14) (19... Bf6 20. Bd4 $14) 20.
Qxd5 O-O 21. Rxc4 (21. Na5 $5 Qxa5 (21... Rxc1+ 22. Rxc1 Qxa5 23. Qxd7 Bf6 24.
Rc8 $18) 22. Qxd7 $16 (22. Rxc4 Be6 23. Qb7 (23. Qe5 Bxc4 (23... Bf6 $2 24. Qc7
$18) 24. Qxe7 $16) 23... Bxc4 24. Qxe7 $16)) 21... bxc4 22. Nc5 {Weiß hat
einen Bauern mehr. Die schwarze Kompensation - Gegenspiel auf den weißen
Feldern - scheint mir zu schwach.} (22. Bf4 Qc6 (22... Be6 23. Qxe6 (23. Bxc7
Bxd5 24. Rd1 $16) 23... fxe6 24. Bxc7 cxb3 25. Be5 $16) 23. Qxc6 Bxc6 24. Rc1
$6 (24. Nd4 Bd5 25. Rd1 $16) 24... cxb3 25. Rxc6 Bxa3 $1 $132) 22... Bh3 (22...
Bb5 23. a4 Rd8 24. Ne6 $18) 23. Qxc4 Bxc5 (23... Qc6 24. Qe4 $18) 24. Bxc5 Qb7
{[%cal Rb7g2,Rb7b2]} 25. f3 Qxb2 26. Qa2 $1 {Es hängt der Rf8. Damit forciert
Weiß den Damentausch und wickelt in ein vorteilhaftes Endspiel ab.} (26. Bd4
Qd2) 26... Qxa2 (26... Rb8 27. Bxa7 Qxa2 28. Rxa2 Rb1+ 29. Kf2 $18) 27. Rxa2
Ra8 {[%mdl 4096]} 28. g4 {[%csl Rh3]} h5 $8 {Schwarz muss einen weiteren
Bauern geben, sonst gerät sein Bh3 in höchste Not.} 29. gxh5 $16 {
Ungleichfarbige Läufer bieten dem Verteidiger zwar immer auch einige
Remischancen, aber in unserer konkreten Stellung hat Weiß schon zwei Bauern
mehr; zudem hilft Weiß die Anwesenheit der Türme bei der Verwertung des
Materialvorteils.} (29. Kf2 hxg4 30. Kg3 f5 31. Rd2 $14) 29... a6 30. Kf2 (30.
Rd2 $16) 30... Rd8 31. Be3 (31. e4 $16) 31... Be6 32. Ra1 {[%cal Ga1g1,Gg1g8]}
(32. Rb2 Rd5 33. h6 Rb5 34. Rc2 $16) 32... Kh7 (32... Rd5 33. h6 $16) 33. Rg1
Rd5 34. h6 {Weiß hat nichts besseres, er muss einen Bauern zurückgeben.} gxh6
35. Bf4 Ra5 (35... h5) 36. Bd6 Rg5 37. Rc1 {Natürlich muss Weiß die Türme auf
dem Brett halten.} a5 38. e4 {[%csl Ge4,Gf3] Endlich mobilisiert Weiß seine
Bauernmehrheit.} Rg8 39. f4 Rc8 (39... f5 40. exf5 Bxf5 41. Rc5 $18 {[%cal
Rc5f5,Rc5a5]}) 40. Rg1 f5 (40... Rg8 41. Rb1 $16) 41. Be5 Rg8 42. Rb1 fxe4 43.
Rb6 {[%csl Gb6,Ge5] Die Stellung ist nur materiell ausgeglichen - die weißen
Figuren stehen sehr aktiv. Das ist ein gutes Beispiel zum Thema "R + B gegen R
+ ungleichfarbige B".} Bf5 44. Rf6 Bh3 (44... Bg6 45. Ra6 $16 {[%csl Ra5]}) 45.
Ke3 Rg6 (45... Bg2 46. f5 $16) 46. Rf7+ Kg8 47. Ra7 {Weiß gewinnt den Pa5,
seine Stellung bleibt aktiv.} Rg2 48. Rxa5 (48. Kxe4 $16) 48... h5 (48... Rxh2
49. Kxe4 $16) 49. Bd4 (49. Kxe4 $16) 49... Rxh2 50. Rxh5 {[%cal Gh5h2]} Re2+ (
50... Ra2 51. Ra5 Bg2 52. Ra7 $16) 51. Kxe2 Bg4+ 52. Kd2 (52. Ke3 Bxh5 53. a4
$18) 52... Bxh5 53. a4 $18 {[%csl Ga4] Befände sich der schwarze König am
Damenflügel, so könnte Weiß nicht gewinnen, weil sich der Läufer gegen den
f-Bauern opfern könnte (zur Umwandlung des a-Bauern hätte Weiß dann den
"falschen" Läufer, so dass die Stellung technisch Remis wäre). - Doch der
schwarze König befindet sich zu weit ab vom Damenflügel.} Kf7 (53... Be8 54. a5
Bb5 55. Kc3 Kf7 56. Kb4 Bd3 57. Kc5 $18) 54. a5 e3+ {Der schwarze e-Bauer ist
bedeutungslos.} (54... Ke6 55. a6 Be8 56. a7 Bc6 57. Kc3 $18) 55. Kxe3 Ke6 56.
a6 Be8 57. a7 Bc6 58. Bc3 Kf5 (58... Kd7 59. f5 $18) 59. Bd2 {[%cal Ge3d4]} Ba8
60. Kd4 Ke6 61. Kc5 Be4 (61... Kd7 62. f5 $18) 62. Kb6 Kd7 63. Bc3 (63. f5 $18)
63... Bf3 (63... Kc8 64. f5 $18) 64. f5 Kd6 65. Bg7 1-0